Артистка, режиссер, педагог Надежда Николаевна Быкова (Запись № 10394858)
[ простой вид ]
| 000 -МАРКЕР | |
|---|---|
| контрольное поле | 01801nam0a2200325 i 4500 |
| 001 - ИДЕНТИФИКАТОР ЗАПИСИ | |
| контрольное поле | RU\NLR\BIBL_A\010564128 |
| 005 - ИДЕНТИФИКАТОР ВЕРСИИ | |
| контрольное поле | 20241104143324.0 |
| 035 ## - ДРУГИЕ СИСТЕМНЫЕ НОМЕРА | |
| Идентификатор записи | (NLR Aleph) 010564128 |
| 100 ## - ДАННЫЕ ОБЩЕЙ ОБРАБОТКИ | |
| Данные общей обработки | 20141212d2014 um y0rusy50 ca |
| 101 0# - ЯЗЫК РЕСУРСА | |
| Язык текста, звукозаписи и т.д. | русский |
| 102 ## - СТРАНА ПУБЛИКАЦИИ ИЛИ ПРОИЗВОДСТВА | |
| Страна публикации | Российская Федерация |
| 105 ## - ПОЛЕ КОДИРОВАННЫХ ДАННЫХ: ТЕКСТОВЫЕ МАТЕРИАЛЫ, МОНОГРАФИЧЕСКИЕ | |
| Кодированные данные о монографическом текстовом документе | ach|z|||000yd |
| 200 1# - ЗАГЛАВИЕ И СВЕДЕНИЯ ОБ ОТВЕТСТВЕННОСТИ | |
| Основное заглавие | Артистка, режиссер, педагог Надежда Николаевна Быкова |
| Сведения, относящиеся к заглавию | материалы к творческому портрету |
| Первые сведения об ответственности | Екатерина Бойко, Владимир Потапенко, Лилия Соболь |
| Последующие сведения об ответственности | Упр. делами Президента Рос. Федерации, Федер. гос. бюджет. учреждение "Дом ветеранов сцены им. М.Г. Савиной (пансионат)"Упр. |
| 210 ## - ПУБЛИКАЦИЯ, РАСПРОСТРАНЕНИЕ И ДР. | |
| Место издания, распространения и т.д. | Санкт-Петербург |
| Имя издателя, распространителя и т. д. | [б. и.] |
| Дата издания, распространения и т.д. | 2014 |
| 215 ## - ФИЗИЧЕСКАЯ ХАРАКТЕРИСТИКА | |
| Специфическое обозначение материала и объем | 135, [1] с. |
| Другие сведения о физической характеристике | ил., портр., факс. |
| Размеры | 20 |
| 225 1# - СЕРИЯ | |
| Основное заглавие серии | Серия книг "История ДВС в лицах" |
| 300 ## - ОБЩИЕ ПРИМЕЧАНИЯ | |
| Текст примечания | На обл. авт. не указаны |
| 316 ## - ПРИМЕЧАНИЯ ОБ ОСОБЕННОСТЯХ ЭКЗЕМПЛЯРА | |
| Текст примечания | С автогр. 2-го авт. |
| Организация и экземпляр, к которому относится поле | NLR |
| 600 #1 - ИМЯ ЛИЦА КАК ПРЕДМЕТ | |
| Начальный элемент ввода | Быкова |
| Часть имени, кроме начального элемента ввода | Н. Н. |
| Даты | 1932 |
| Расширение инициалов личного имени | Надежда Николаевна |
| Тематический подзаголовок | Биография |
| Системный номер авторитетной/нормативной записи | 2210036 |
| Идентификатор авторитетной/нормативной записи | RU\NLR\AUTH\6601561678 |
| 686 1# - ИНДЕКСЫ ДРУГИХ КЛАССИФИКАЦИЙ | |
| Индекс | Щ334.3(2Р=Рус)7-86Быкова 2 |
| 686 1# - ИНДЕКСЫ ДРУГИХ КЛАССИФИКАЦИЙ | |
| Индекс | Щ334.3(2Р=Рус)7-85Быкова 2 |
| 700 #1 - ИМЯ ЛИЦА - ПЕРВИЧНАЯ ОТВЕТСТВЕННОСТЬ | |
| Начальный элемент ввода | Бойко |
| Часть имени, кроме начального элемента ввода | Е. |
| Римские цифры | Екатерина |
| 701 #1 - ИМЯ ЛИЦА - АЛЬТЕРНАТИВНАЯ ОТВЕТСТВЕННОСТЬ | |
| Графика поля | Кириллица |
| Материалы, к которым относится поле | rus |
| Начальный элемент ввода | Потапенко |
| Часть имени, кроме начального элемента ввода | В. Б. |
| Даты | 1951- |
| Расширение инициалов личного имени | Владимир Борисович |
| Системный номер авторитетной/нормативной записи | 132244 |
| Идентификатор авторитетной/нормативной записи | RU\NLR\AUTH\770132278 |
| 701 #1 - ИМЯ ЛИЦА - АЛЬТЕРНАТИВНАЯ ОТВЕТСТВЕННОСТЬ | |
| Начальный элемент ввода | Соболь |
| Часть имени, кроме начального элемента ввода | Л. |
| Расширение инициалов личного имени | Лилия |
| 702 #1 - ИМЯ ЛИЦА - ВТОРИЧНАЯ ОТВЕТСТВЕННОСТЬ | |
| Код отношения | Прочие |
| Начальный элемент ввода | Быкова |
| Часть имени, кроме начального элемента ввода | Н. Н |
| Дополнения к именам, кроме дат | актриса |
| Даты | 1932- |
| Расширение инициалов личного имени | Надежда Николаевна |
| Системный номер авторитетной/нормативной записи | 139763 |
| Идентификатор авторитетной/нормативной записи | RU\NLR\AUTH\770139798 |
| 942 ## - ДОПОЛНИТЕЛЬНЫЕ ЭЛЕМЕНТЫ ЗАПИСИ (АБИС) | |
| Тип экземпляра АБИС | Книга |
| 980 ## - КОЛЛЕКЦИЯ | |
| Название коллекции | НБР |
Нет доступных экземпляров.